Military psychology (Record no. 13406)
[ view plain ]
| 000 -LEADER | |
|---|---|
| fixed length control field | 00349pab a2200133 454500 |
| 008 - FIXED-LENGTH DATA ELEMENTS--GENERAL INFORMATION | |
| fixed length control field | 180718b1986 xxu||||| |||| 00| 0 eng d |
| 100 ## - MAIN ENTRY--PERSONAL NAME | |
| Personal name | Nogami, Glenday |
| 245 ## - TITLE STATEMENT | |
| Title | Military psychology |
| Remainder of title | Applicable Research |
| 260 ## - PUBLICATION, DISTRIBUTION, ETC. | |
| Date of publication, distribution, etc. | 1986 |
| 300 ## - PHYSICAL DESCRIPTION | |
| Extent | 461-63 |
| 650 ## - SUBJECT ADDED ENTRY--TOPICAL TERM | |
| Topical term or geographic name entry element | Military Research |
| 773 ## - HOST ITEM ENTRY | |
| Main entry heading | Journal of Applied Social Psychology |
| 909 ## - | |
| -- | 13406 |
| Withdrawn status | Lost status | Damaged status | Not for loan | Permanent Location | Current Location | Date acquired | Serial Enumeration / chronology | Barcode | Date last seen | Price effective from | Koha item type |
|---|---|---|---|---|---|---|---|---|---|---|---|
| Indian Institute of Public Administration | Indian Institute of Public Administration | 2018-07-19 | Volume no: 16, Issue no: 6 | AR13449 | 2018-07-19 | 2018-07-19 | Articles |
